BUCS - Statistics

General Stats
  • This quiz has been taken 8 times
  • The average score is 15 of 38
Answer Stats
Hint Answer % Correct
QB Baker Mayfield
100%
RB Bucky Irving
100%
TE Cade Otton
100%
WR Chris Godwin
100%
WR Mike Evans
100%
DT Vita Vea
80%
S Antoine Winfield Jr.
60%
KR Kameron Johnson
60%
LB Lavante David
60%
RB2 Rachaad White
60%
WR5 Tez Johnson
60%
K Chase McLaughlin
40%
WR Emeka Ebuka
40%
RB3 Sean Tucker
40%
QB2 Teddy Bridgewater
40%
HC Todd Bowles
40%
LT Tristian Wirfs
40%
LG Ben Bredeson
20%
CB Benjamin Morrison
20%
RG Cody Mauch
20%
QB3 Connor Bazelak
20%
TE3 Devin Culp
20%
C Graham Barton
20%
CB Jacob Parrish
20%
CB Jamal Dean
20%
OC Josh Grizzard
20%
CB5 Josh Hayes
20%
DE Logan Hall
20%
TE2 Payne Durham
20%
P Riley Dixon
20%
WR6 Ryan Miller
20%
LB Sirvocea Dennis
20%
WR4 Sterling Shepard
20%
S Tykee Smith
20%
LB Yaya Diaby
20%
CB Zyon Mcollum
20%
CB6 Kindle Vindor
0%
RT Luke Geodoke
0%
No matching quizzes found
Score Distribution
Percent of People with Each Score
Percentile by Number Answered
Your Score History
You have not taken this quiz